000 00479nam a2200169Ia 4500
008 090201s9999 xx 000 0 und d
010 _aKPL-32227
040 _bमराठी
041 _aमराठी
082 _a35630
_b32227
100 _aद. का. हसमनीस
245 _aनामदार
_cद. का. हसमनीस
260 _c2004
_bगुलमोहर
300 _a151
_bमोठा
600 _aनामदार
942 _cBOOK
999 _c233696
_d233696